[Event "World Amateur-ch U2300"]
[Site "Muscat"]
[Date "2023.11.03"]
[Round "2"]
[White "Tenuunbold, Battulga"]
[Black "Mandryka, Vladislav"]
[Result "1-0"]
[WhiteElo "2290"]
[BlackElo "1640"]
[PlyCount "111"]
[EventDate "2023.11.02"]
[EventType "swiss"]
[EventRounds "9"]
[EventCountry "OMN"]
[SourceTitle "CB46_2023"]
[SourceDate "2023.11.15"]
[SourceVersion "1"]
[SourceVersionDate "2023.11.15"]
[SourceQuality "1"]

1. d4 Nf6 2. c4 e6 3. g3 d5 4. Nf3 Bb4+ 5. Bd2 Be7 6. Bg2 0-0 7. 0-0 c6 8. Qc2 Nbd7 9. Bf4 b6 10. Nbd2 Ba6 11. Rfd1 Rc8 12. Rac1 dxc4 13. Nxc4 Nd5 14. Bd2 Bb7 15. e4 Nb4 16. Qb3 a5 17. a3 a4 18. Qxa4 Nd3 19. Rc2 b5 20. Qb3 bxc4 21. Qxb7 Rb8 22. Qa6 Nxb2 23. Rb1 Ra8 24. Qxc6 Rc8 25. Qa6 Ra8 26. Qb5 Rb8 27. Qa5 Qxa5 28. Bxa5 Bxa3 29. Nd2 Rfc8 30. Bf1 Ra8 31. Bc3 Na4 32. Nxc4 Nxc3 33. Rxc3 Bf8 34. Rb7 Nf6 35. f3 Rab8 36. Rcb3 Rxb7 37. Rxb7 Ne8 38. Ne5 Nd6 39. Ra7 h5 40. Kf2 g6 41. h4 Bg7 42. Rd7 Bxe5 43. dxe5 Ne8 44. Ke3 Kf8 45. Bd3 Rb8 46. Kf4 Rc8 47. Bb5 Nc7 48. Bc6 Ne8 49. Ba4 Nc7 50. Kg5 Kg7 51. Bb3 Kf8 52. g4 hxg4 53. fxg4 Ke8 54. Ba4 Ra8 55. Bc6 Rc8 56. Rxc7+ 1-0

[Event "EU-ch 23rd"]
[Site "Vrnjacka Banja"]
[Date "2023.03.05"]
[Round "3"]
[White "Mandryka, Vladislav"]
[Black "Tifferet, Shaked"]
[Result "0-1"]
[WhiteElo "1465"]
[BlackElo "2219"]
[PlyCount "44"]
[EventDate "2023.03.03"]
[EventType "swiss"]
[EventRounds "11"]
[EventCountry "SRB"]
[SourceTitle "CBM 213"]
[Source "ChessBase"]
[SourceDate "2023.04.30"]
[SourceVersion "1"]
[SourceVersionDate "2023.04.30"]
[SourceQuality "1"]

1. Nf3 d5 2. d4 Nf6 3. c4 e6 4. g3 dxc4 5. Bg2 Bb4+ 6. Bd2 a5 7. a3 Bxd2+ 8. Nbxd2 b5 9. 0-0 a4 10. e4 Bb7 11. Re1 0-0 12. e5 Nd5 13. Ne4 Nd7 14. Qc2 h6 15. h4 Qe7 16. Rad1 Rab8 17. Qc1 Ba8 18. Nh2 f5 19. exf6 N5xf6 20. Qe3 Nxe4 21. Bxe4 Bxe4 22. Qxe4 Rbc8 0-1

[Event "EU-ch 23rd"]
[Site "Vrnjacka Banja"]
[Date "2023.03.04"]
[Round "2"]
[White "Manukyan, Sargis A"]
[Black "Mandryka, Vladislav"]
[Result "1/2-1/2"]
[WhiteElo "2163"]
[BlackElo "1465"]
[PlyCount "42"]
[EventDate "2023.03.03"]
[EventType "swiss"]
[EventRounds "11"]
[EventCountry "SRB"]
[SourceTitle "CBM 213"]
[Source "ChessBase"]
[SourceDate "2023.04.30"]
[SourceVersion "1"]
[SourceVersionDate "2023.04.30"]
[SourceQuality "1"]

1. d4 Nf6 2. c4 e6 3. Nc3 Bb4 4. a3 Bxc3+ 5. bxc3 c5 6. e3 0-0 7. Bd3 Nc6 8. Ne2 b6 9. 0-0 Ba6 10. e4 Ne8 11. Ng3 Na5 12. f4 Bxc4 13. Bxc4 Nxc4 14. f5 cxd4 15. cxd4 f6 16. Rb1 Rc8 17. Bf4 Ned6 18. Rb4 Qe8 19. Rb3 exf5 20. Nxf5 Nxf5 21. exf5 Rf7 1/2-1/2